000
00285nam a2200121Ia 4500
008
220204s9999 xx 000 0 und d
082
_a
07 (035)
_b
KAM
100
_a
KAMATH, M V
245
0
_a
Journalist's handbook
260
_a
Delhi
_b
Vikas
_c
1983
650
_a
Journalism
942
_c
BK
999
_c
36801
_d
36801